Nascita di una madre (Record n. 212751)

Dettagli MARC
000 -LEADER
fixed length control field 00796nam a2200229Ia 4500
001 - CONTROL NUMBER
control field b4504-28789 [5754]
003 - CONTROL NUMBER IDENTIFIER
control field IT-MiCISF
008 - FIXED-LENGTH DATA ELEMENTS--GENERAL INFORMATION
fixed length control field 161014s9999||||xx |||||||||||||| ||und||
040 ## - CATALOGING SOURCE
Original cataloging agency IT-MiCISF
Transcribing agency IT-MiCISF
041 ## - LANGUAGE CODE
Language code of text/sound track or separate title it
999 ## - SYSTEM CONTROL NUMBERS (KOHA)
Koha Dewey Subclass [OBSOLETE] si
100 ## - MAIN ENTRY--PERSONAL NAME
Personal name Stern Daniel
245 #0 - TITLE STATEMENT
Title Nascita di una madre
Remainder of title Come l'esperienza della maternità cambia una donna
250 ## - EDITION STATEMENT
Edition statement 1a ed.
260 ## - PUBLICATION, DISTRIBUTION, ETC. (IMPRINT)
Place of publication, distribution, etc. Milano
Name of publisher, distributor, etc. Mondadori
Date of publication, distribution, etc. 1999 [Edizione originale: 1998]
300 ## - PHYSICAL DESCRIPTION
Extent pp. 213
500 ## - GENERAL NOTE
General note / maternità, parto, gravidanza, handicap, figli-piccoli, rapporti-madre-figli, padre, madre, vissuto-maternità, madre-lavoratrice, identità-femminile, case-studies /
650 ## - SUBJECT ADDED ENTRY--TOPICAL TERM
Topical term or geographic name as entry element genitorialità
700 ## - ADDED ENTRY--PERSONAL NAME
Personal name Bruschweiler-Stern Nadia
700 ## - ADDED ENTRY--PERSONAL NAME
Personal name Freeland Alison
942 ## - ADDED ENTRY ELEMENTS (KOHA)
Koha item type LIBRO
957 ## -
-- 1
999 ## - SYSTEM CONTROL NUMBERS (KOHA)
-- 1
Dati di copia
Withdrawn status Lost status Damaged status Not for loan Home library Current library Date acquired Total Checkouts Full call number Date last seen Price effective from Koha item type Public note
    Buone Condizioni Not For Loan CISF - Milano CISF - Milano 14/10/2016   b4504-28789 [5754] 14/10/2016 14/10/2016 LIBRO Data import 15.10.2016 / by Epidotti, Vaglietti
CREDITS: SOCIETA' SAN PAOLO Via A.Severo, 58 - ROMA (RM) & PERIODICI SAN PAOLO SRL Via Giotto, 36 MILANO & CISF Via Giotto, 36 MILANO & EDIZIONI SAN PAOLO SRL,  Piazza Soncino, 5 CINISELLO BALSAMO (MI) -- ITALY